[Event "BCF-ch U13"]
[White "Sangha, Karam"]
[Black "Miller, Dominic"]
[Site "Aberystwyth"]
[Round "5"]
[Result "1-0"]
[Date "2014.07.25"]
[WhiteElo "131"]
[BlackElo "110"]
[PlyCount "57"]
[EventDate "2014.07.22"]
[EventType "swiss"]
[EventRounds "7"]
[EventCountry "WLS"]
[SourceTitle "CBM 161 Extra"]
[Source "ChessBase"]
[SourceDate "2014.08.29"]
[SourceVersion "1"]
[SourceVersionDate "2014.08.29"]
[SourceQuality "1"]

1. e4 e6 2. d4 d5 3. exd5 exd5 4. Bd3 c5 5. dxc5 Nf6 6. Nf3 Bxc5 7. 0-0 0-0 8. h3 Nc6 9. Bg5 h6 10. Bh4 Qd6 11. Nc3 g5 12. Bg3 Qxg3 13. Kh1 Bxf2 14. Ne2 Qc7 15. Rxf2 Ne4 16. Bxe4 dxe4 17. Nfd4 Rd8 18. c3 Ne5 19. Qd2 Nd3 20. Rf6 Kg7 21. Raf1 Ne5 22. Ng3 Nf3 23. Nh5+ Kg8 24. gxf3 Bxh3 25. Rf2 Qe5 26. fxe4 Qxe4+ 27. R6f3 Qh4 28. Nf6+ Kg7 29. Rh2 1-0

[Event "BCF-ch U13"]
[White "Sangha, Karam"]
[Black "Lovell, William Pm"]
[Site "Aberystwyth"]
[Round "3"]
[Result "1/2-1/2"]
[Date "2014.07.23"]
[WhiteElo "131"]
[BlackElo "118"]
[PlyCount "129"]
[EventDate "2014.07.22"]
[EventType "swiss"]
[EventRounds "7"]
[EventCountry "WLS"]
[SourceTitle "CBM 161 Extra"]
[Source "ChessBase"]
[SourceDate "2014.08.29"]
[SourceVersion "1"]
[SourceVersionDate "2014.08.29"]
[SourceQuality "1"]

1. e4 e5 2. Nf3 Nc6 3. Bc4 Nf6 4. d3 Be7 5. c3 0-0 6. 0-0 d6 7. h3 Be6 8. Bb5 Bd7 9. Ba4 a6 10. Bc2 h6 11. Be3 Re8 12. Re1 Nh7 13. Nbd2 f5 14. exf5 Bxf5 15. d4 Bxc2 16. Qxc2 exd4 17. Nxd4 Nxd4 18. Bxd4 Bf6 19. Nf3 Qd7 20. Bxf6 Nxf6 21. Nh4 Qf7 22. Nf5 Rad8 23. a3 Re6 24. Rad1 Rde8 25. Rxe6 Rxe6 26. Nd4 Re8 27. Nf5 Re6 28. Kh2 Ne4 29. g4 Kh8 30. Re1 d5 31. c4 c6 32. cxd5 cxd5 33. Qc8+ Re8 34. Qc2 Re6 35. Kg2 Ng5 36. Qc8+ Kh7 37. Rxe6 Qxe6 38. Qxe6 Nxe6 39. Kg3 g6 40. Ne3 d4 41. Nc2 g5 42. Kf3 d3 43. Ne3 Nf4 44. h4 Kg6 45. hxg5 hxg5 46. Ke4 Kf6 47. Kd4 b6 48. f3 Ke6 49. a4 a5 50. b3 Kf6 51. Nd1 Ke6 52. Nf2 d2 53. Kc3 Ne2+ 54. Kxd2 Nd4 55. Kc3 Nxf3 56. Kc4 Nd2+ 57. Kb5 Nxb3 58. Ne4 Ke5 59. Nxg5 Kf4 60. Ne6+ Kxg4 61. Kxb6 Kf5 62. Nd8 Ke5 63. Nc6+ Kd5 64. Kb5 Nd4+ 65. Kxa5 1/2-1/2

[Event "BCF-ch U13"]
[White "Sangha, Karam"]
[Black "Kalavannan, Koby"]
[Site "Aberystwyth"]
[Round "1"]
[Result "1/2-1/2"]
[Date "2014.07.22"]
[WhiteElo "131"]
[BlackElo "182"]
[PlyCount "51"]
[EventDate "2014.07.22"]
[EventType "swiss"]
[EventRounds "7"]
[EventCountry "WLS"]
[SourceTitle "CBM 161 Extra"]
[Source "ChessBase"]
[SourceDate "2014.08.29"]
[SourceVersion "1"]
[SourceVersionDate "2014.08.29"]
[SourceQuality "1"]

1. e4 c5 2. d4 cxd4 3. c3 Nf6 4. e5 Nd5 5. Nf3 Nc6 6. g3 e6 7. cxd4 Qa5+ 8. Bd2 Qb6 9. Bc3 Bb4 10. Qd2 d6 11. Bg2 dxe5 12. Nxe5 Nxd4 13. 0-0 Bc5 14. Bxd5 exd5 15. b4 Bxb4 16. Bxb4 f6 17. Re1 fxe5 18. Rxe5+ Be6 19. Re3 a5 20. Ba3 Rc8 21. Nc3 Kf7 22. Rb1 Qa7 23. Rd1 Rc4 24. Rd3 Rhc8 25. Nxd5 Bxd5 26. Qf4+ 1/2-1/2